000 01280nam a2200265Ia 4500
005 20240722113039.0
008 130821s2000 sp gr spa
020 _a9788413975306
040 _aCo-BoUCM
_bspa
_cDavid Moreno
_dDavid Moreno
041 0 0 _aspa
100 1 _aCuberos de las Casas, Felipe
_9177417
245 1 0 _aFusiónes y Adquisiciones de Empresas
_cFelipe Cuberos de las Casas y Tomas José Acosta Álvarez
260 _aValencia (España)
_bTirant Lo Blanch
_c2021
300 _a690 Paginas
650 0 4 _aEmpresas
_xOrganización
_xIntegracion empresarial
_9174859
650 0 4 _aAdministración de empresas
_9435
_zLatinoamérica
_xReestructuracion corporativa
650 0 4 _aAlianzas estratégicas (Negocios)
_zLatinoamérica
_9177418
_xLeyes sobre fusiones
650 0 4 _aCompañías consolidadas
_911236
_zLatinoamérica
_xAdquisiciones de empresas
650 0 4 _aOferta y demanda
_920709
_zLatinoamérica
_xDerecho corporativo
650 0 4 _aOrganización industrial
_920855
_zLatinoamérica
_xFusiones y adquisiciones
650 0 4 _aPlanificación estratégica
_921662
_zLatinoamérica
_xLegislacion empresarial
700 _aAcosta Álvarez, Tomas José
_9177419
942 _cLIBRO
_a8
_e1
_mF315f
_2DEWEY
_h346.06626
_n0
999 _c322579
_d322579